| 000 | 01837nam a22003377a 4500 | ||
|---|---|---|---|
| 999 |
_c21868 _d21868 |
||
| 003 | AR-CdUCM | ||
| 008 | 190425b ||||| |||| 00| 0 spa d | ||
| 040 |
_aMUNICIPALIDAD PROVINCIAL DEL CUSCO _cBIBLIOTECA MUNICIPAL DEL CUSCO |
||
| 082 | _aRev.DIMA/N°20/1963 | ||
| 110 |
_aInstituto y Museo Arqueológico de la Universidad Nacional del Cuzco _946550 |
||
| 245 |
_aRevista del Museo e Instituto Arqueológico / _cLuis A. Pardo, director, Universidad Nacional del Cuzco |
||
| 260 |
_aCusco : _bH.G. Rozas, _c1963. |
||
| 300 |
_a170 [170] páginas. : _b35 ilustraciones ; _c21 cm. |
||
| 440 |
_aRevista del Museo e Instituto Arqueológico. _nAño XIII, 1963. N°20. _946563 |
||
| 505 | _aContenido: Apertura del fardo funerario de Paracas N°27. Luis A. Pardo. -- Las cuatro etapas o épocas históricas en la civilización peruana. Cuneo Vidal. -- La odontología en el incanato. José Iwaki s. -- Arquitectura de las construcciones del grupo de las tres puertas en la ciudadela de Machupichu. Eulogio Cabada H. -- Tercer libro de cabildo de elección de alcaldes y regidores indios y Yanaconas del distrito de San Jerónimo y San Blas, jurisdicción del Cuzco. Jesús M. Covarrubias Pozo. -- Arte de la lengua quichua. Diego de Torres Rubio. | ||
| 650 |
_aCultura Paracas _936837 |
||
| 650 |
_aCivilización peruana _940634 |
||
| 650 |
_aOdontología Inka _946564 |
||
| 650 |
_aIdioma Quechua _927790 |
||
| 650 |
_aLibro de cabildos _946135 |
||
| 650 |
_aArquitectura Inka _945226 |
||
| 650 |
_aMachupicchu _91751 |
||
| 700 |
_aPardo, Luis _946565 |
||
| 700 |
_aIwaki, José _946566 |
||
| 700 |
_aCabada, Eulogio _946567 |
||
| 700 |
_aCovarrubias Pozo, Jesús _946044 |
||
| 700 |
_aDe Torres Rubio, Diego _946568 |
||
| 710 |
_aUniversidad Nacional de San Antonio Abad del Cusco _915942 |
||
| 942 |
_2ddc _cPP |
||
| 945 | _arac | ||